Math for meds : (Record no. 276364)
[ view plain ]
| 000 -LEADER | |
|---|---|
| fixed length control field | 00306nam a2200121 a 4500 |
| 005 - DATE AND TIME OF LATEST TRANSACTION | |
| control field | 20141022142003.0 |
| 008 - FIXED-LENGTH DATA ELEMENTS--GENERAL INFORMATION | |
| fixed length control field | 120307s19uu xx 00 eng d |
| 050 ## - LIBRARY OF CONGRESS CALL NUMBER | |
| Classification number | CD |
| Item number | C94 2005 |
| 245 ## - TITLE STATEMENT | |
| Title | Math for meds : |
| Remainder of title | dosages & solutions practice software. |
| 250 ## - EDITION STATEMENT | |
| Edition statement | 9th ed. |
| 260 ## - PUBLICATION, DISTRIBUTION, ETC. (IMPRINT) | |
| Date of publication, distribution, etc | 2005. |
| 942 ## - ADDED ENTRY ELEMENTS (KOHA) | |
| Koha item type | Audio Visual Materials |
| Withdrawn status | Lost status | Damaged status | Home library | Current library | Shelving location | Date acquired | Total Checkouts | Full call number | Barcode | Date last seen | Date checked out | Price effective from | Koha item type |
|---|---|---|---|---|---|---|---|---|---|---|---|---|---|
| College Library | College Library | Audio Visual Material Section | 03/07/2012 | 1 | CD C94 2005 | NUR0052 | 12/17/2024 | 08/22/2024 | 04/12/2014 | Audio Visual Materials | |||
| College Library | College Library | Audio Visual Material Section | 03/07/2012 | CD C94 2005 | NUR0053 | 04/12/2014 | 04/12/2014 | Audio Visual Materials |